000
00279nam a2200121 a 4500
005
20141022142000.0
008
090305s19uu xx 00 eng d
050
_a
VHS
_b
P75 1961
245
_a
Raisin of the sun.
650
_a
VHS.
650
_a
Raisin of the sun
942
_c
AVM
999
_c
276215
_d
276215